Biografía del ilustrísimo señor don fray Antonio Alcalde : escrita por disposición de la Junta que el Ayuntamiento de esta capital estableció para llevar a efecto las medidas acordadas en honor de aquel prelado /
Biografía del dominico español Antonio Alcalde (1701-1792), quien fungió como obispo de Yucatán (1763-1771) y de Guadalajara (1771-1792). Es reconocido por la labor social que prestó durante su estancia en la capital jalisciense, donde fundó el Hospital de Belén y la Universidad de Guadalajara, aunq...
保存先:
| フォーマット: | 図書 |
|---|---|
| 言語: | スペイン語 |
| 主題: | |
| タグ: |
タグなし, このレコードへの初めてのタグを付けませんか!
|
MARC
| LEADER | 00000nam^a2200000^a^4500 | ||
|---|---|---|---|
| 001 | 000302627 | ||
| 005 | 20250526000000.0 | ||
| 009 | 20260310112625.544 | ||
| 037 | |a Acervo ITESO - Biblioteca | ||
| 041 | |a ESP | ||
| 082 | |a 972. 3503 |b BIO | ||
| 245 | 0 | 0 | |a Biografía del ilustrísimo señor don fray Antonio Alcalde : |b escrita por disposición de la Junta que el Ayuntamiento de esta capital estableció para llevar a efecto las medidas acordadas en honor de aquel prelado / |
| 264 | |a Guadalajara, México : |b Tipografía de Dionisio Rodríguez, |c 1875 | ||
| 300 | |a 37 p. ; |c 22.5 cm. | ||
| 520 | |a Biografía del dominico español Antonio Alcalde (1701-1792), quien fungió como obispo de Yucatán (1763-1771) y de Guadalajara (1771-1792). Es reconocido por la labor social que prestó durante su estancia en la capital jalisciense, donde fundó el Hospital de Belén y la Universidad de Guadalajara, aunque murió tres meses antes de su inauguración. | ||
| 562 | |a Falta cubierta | ||
| 649 | |a XX | ||
| 650 | |a Dominicos - |x Biografías | ||
| 650 | |a Religiosos Españoles - |x Biografías | ||
| 650 | |a Obispos de Guadalajara, Jalisco - |x Biografías | ||
| 650 | |a Obispos de Yucatán - |x Biografías | ||
| 650 | |a Hospitales - |z Guadalajara, Jalisco - |x Historia | ||
| 650 | |a Hospitales - |z Jalisco - |x Historia | ||
| 650 | |a Hospitales - |z México - |x Historia | ||
| 650 | |a Instituciones de Beneficencia - |z Guadalajara, Jalisco - |x Historia | ||
| 650 | |a Instituciones de Beneficencia - |z Jalisco - |x Historia | ||
| 650 | |a Instituciones de Beneficencia - |z México - |x Historia | ||
| 650 | |a Universidades - |z Guadalajara, Jalisco - |x Historia | ||
| 650 | |a Universidades - |z Jalisco - |x Historia | ||
| 650 | |a Universidades - |z México - |x Historia | ||
| 650 | |a Educación - |z Guadalajara, Jalisco - |x Historia | ||
| 650 | |a Educación - |z Jalisco - |x Historia | ||
| 650 | |a Educación - |z México - |x Historia | ||
| 650 | |a Guadalajara, Jalisco (Arquidiócesis) - |x Historia - |x Tema Principal | ||
| 650 | |a Guadalajara, Jalisco - |x Historia - |y Siglo XVIII | ||
| 650 | |a Guadalajara, Jalisco - |x Historia - |y Virreinato, 1535-1821 | ||
| 650 | |a Guadalajara, Jalisco - |x Historia - |y Epoca Colonial, 1517-1821 | ||
| 650 | |a Jalisco - |x Historia - |y Siglo XVIII - |x Tema Principal | ||
| 650 | |a Jalisco - |x Historia - |y Virreinato, 1535-1821 | ||
| 650 | |a Jalisco - |x Historia - |y Epoca Colonial, 1517-1821 | ||
| 650 | |a México - |x Historia - |y Siglo XVIII | ||
| 650 | |a México - |x Historia - |y Virreinato, 1535-1821 | ||
| 650 | |a México - |x Historia - |y Epoca Colonial, 1517-1821 | ||
| 650 | |a Alcalde y Barriga, Antonio, Fray - |x Tema Principal | ||
| 650 | |a Universidad de Guadalajara - |x Historia | ||
| 910 | |a Fondo Salvador Reynoso Reynoso | ||
| 920 | |a Impresos - Libros | ||
| 930 | |a Libros Antiguos y Raros | ||
| 905 | |a 108 | ||
| 901 | |a 0800012303 |b IT2 |c LRA |u 20250526 | ||
| 902 | |a https://opac.biblio.iteso.mx/vufind/Record/000302627 | ||